000 00712nam a2200217Ii 4500
003 JO-AjNU
008 230605s9999||||xx |||||||||||||| ||und||
017 _a2009/10/4495
040 _aJO-AjNU
_bara
_erda
_cJO-AjNU
041 _aara
050 1 4 _aLC4024.M27 2010
100 3 _aمرزوق،سماح عبد الفتاح,
_eauthor
_928035
245 0 0 _aتكنولوجيا التعليم لذوي الحاجات الخاصة
250 _aط14
264 3 1 _aعمان:دار المسيرة،2010
300 _a431ص
336 _atext
_btxt
_2rdacontent
337 _aunmediated
_bn
_2rdamedia
338 _avolume
_bnc
_2rdacarrier
650 4 _aالتعليم الخاص-المعوقون-تعليم
_928036
999 _aA10824
_c14392
_d14392